000 00596cam a2200217 a 4500
001 1492430
005 20180131081043.0
008 880531s1989 maua b 101 0 eng
010 _a 88012954
020 _a0262100398
040 _aDLC
_cDLC
_dDLC
041 _aeng
080 _a338..06 DAL
082 0 0 _a338..06 DAL
_219
100 _a59
101 _aCAP
245 0 0 _aTechnology and capital formation /
_cedited by Dale W. Jorgenson and Ralph Landau.
504 _aIncludes bibliographies and indexes.
906 _a7
_bcbc
_corignew
_d1
_eocip
_f19
_gy-gencatlg
942 _2ddc
_cBK
999 _c41398
_d41398